| 000 | 01310cam a2200217 4500 | ||
|---|---|---|---|
| 001 | ABS62792 | ||
| 008 | 000000n2000 000 0 eng u | ||
| 035 | _a(Sirsi) u108033 | ||
| 245 | _aBirmingham Midshires Mortgage Services Ltd v Sabherwal | ||
| 260 | _c2000 | ||
| 490 |
_aProperty and Compensation Reports _v[2000] 80 P&CR 256-263(5) |
||
| 520 | _aCA 17 December 1999. S's two sons purchased a house funded by family savings and a mortgage from Barclays. House registered in sons names but S was entitled to a significant equitable interest in the house. BMMS made a loan to the sons, part of which was used to pay off the mortgage. S signed a form of consent agreeing that any rights she jhad were to be postponed and made subject to BMMS's rights under its charges. Sons defaulted on the loan and possession proceedings were started. S calimed an equitable interest as a tenant in common. Judge held S's equitable interest had been overreached by BMMS's charges. S appealed. "Held" appeal dismissed. | ||
| 590 | _aABS | ||
| 650 | _aBIRMINGHAM MIDSHIRES MORTGAGE SERVICES LTD V SABHERWAL | ||
| 650 | _aTRUSTS OF LAND AND APPOINTMENT OF TRUSTEES ACT 1996 | ||
| 650 | _aEQUITABLE INTEREST | ||
| 650 | _aTRUSTS | ||
| 650 | _aPOSSESSION | ||
| 690 | _aPROPERTY AND LAND LAW-CASE LAW | ||
| 942 | _n0 | ||
| 999 |
_c64546 _d64546 |
||